Распределение давлений в циклонном двухфазном потоке; Энергетика: экология, надежность, безопасность

Bibliographische Detailangaben
Parent link:Энергетика: экология, надежность, безопасность.— 2008
Weitere Verfasser: Разва А. С. Александр Сергеевич, Некрасова К. В., Зыков Е. Г., Василевский М. В. Михаил Викторович
Sprache:Russisch
Veröffentlicht: 2008
Schlagworte:
Online-Zugang:http://www.lib.tpu.ru/fulltext/m/2009/m19.pdf#page=146
Format: MixedMaterials Elektronisch Buchkapitel
KOHA link:https://koha.lib.tpu.ru/cgi-bin/koha/opac-detail.pl?biblionumber=155562

MARC

LEADER 00000naa2a2200000 4500
001 155562
005 20251204133648.0
035 |a (RuTPU)RU\TPU\book\168740 
090 |a 155562 
100 |a 20090317d2008 k y0rusy50 ca 
101 0 |a rus 
102 |a RU 
200 1 |a Распределение давлений в циклонном двухфазном потоке  |f А. С. Разва [и др.] 
320 |a Библиогр.: 4 назв. 
337 |a Adobe Reader. 
463 1 |0 (RuTPU)RU\TPU\book\162397  |t Энергетика: экология, надежность, безопасность  |o материалы докладов 14 Всероссийской научно-технической конференции, 9-11 декабря 2008 г., Томск  |f Томский политехнический университет (ТПУ) [и др.] ; под ред. В. В. Литвака [и др.]  |d 2008 
610 1 |a давление 
610 1 |a вихревые камеры 
610 1 |a циклонные камеры 
610 1 |a обыспыливание газов 
610 1 |a труды учёных ТПУ 
610 1 |a электронный ресурс 
675 |a 621.928.93  |v 3 
701 1 |a Разва  |b А. С.  |c специалист в области теплотехники  |c старший преподаватель Томского политехнического университета, кандидат технических наук  |f 1983-  |g Александр Сергеевич  |3 (RuTPU)RU\TPU\pers\26188 
701 1 |a Некрасова  |b К. В. 
701 1 |a Зыков  |b Е. Г. 
701 1 |a Василевский  |b М. В.  |c специалист в области экологии и безопасности жизнедеятельности  |c доцент Томского политехнического университета, кандидат технических наук  |f 1940-  |g Михаил Викторович  |3 (RuTPU)RU\TPU\pers\26189 
801 1 |a RU  |b 63413507  |c 20090317  |g PSBO 
801 2 |a RU  |b 63413507  |c 20151015  |g PSBO 
856 4 |u http://www.lib.tpu.ru/fulltext/m/2009/m19.pdf#page=146 
942 |c CF